000
00277cam a2200109ua 4500
082
_a
660
_b
PER/CH
100
_a
Perry, John H .
_9
1562
245
_a
Chemical Engineers Hand Book /
260
_a
London :
_b
McGraw Hill Book Company ,
_c
1991.
300
_a
2260 ; .
942
_c
REF
999
_c
10277
_d
10277